000 01534cam a2200313 4500
001 ABS68019
008 040716n2004 000 0 eng u
035 _a(Sirsi) u126819
100 _aWatts, R.
245 _aVision: sustainability
260 _c2004
490 _aEstates Gazette
_v(0428) 10 July 2004, 162-167(6)
520 _aThree articles looking at building sustainability. "Changes in the wind" raises concerns about the energy performance directive (Directive 2002/91/EC). From 4 January 2006, all buildings will require an energy performance certificate which is no more than 10 years old. "Money-making atmosphere?" suggests that air condition rules on limiting carbon emissions could be a source of income for the property industry. "Disparate themes fit together in a Concerto" focuses on the EU Concerto programme. Concerto offers grants in the region of 5m to 15m to developers implementing financially renewalable energy solutions. Describes the Renaissance Project headed by Bracknell Forest BC with support from TV Energy which secured 11.6m in funding from Concerto.
590 _aABS
590 _aABS
650 _aDIRECTIVE 2002/91/EC
650 _aENERGY PERFORMANCE
650 _aCARBON DIOXIDE EMISSIONS
650 _aENVIRONMENT
_96238
650 _aENERGY CONSUMPTION
650 _aUK EMISSIONS TRADING SCHEME
650 _aCONCERTO
650 _aSUSTAINABLE BUILDINGS
650 _aGRANTS
650 _aEU
690 _aENERGY
_96237
700 _aTinworth, A.
942 _n0
999 _c117722
_d117722